00750nam a22002177a 4500003000400000005001700004008004100021020001500062040000700077100003300084245008600117260003500203300001900238505013100257650002000388650001800408651001400426653001500440700002500455710005200480OSt20191029062637.0180305b xxu||||| |||| 00| 0 spa d a9505083696 cPJ aFernández Campón, Raúl10aRégimen nacional de empleo /cRaúl Fernández Campón, Milton A. Rainolter. aBuenos Aires :bAstrea,c1992. a287 p.c20 cm. aContenido: Comentada y concordada con la ley de contrato de trabajo y los decretos 2565/91, 2725/91, 2726/91, 342/92 y 739/92. 0aDERECHO LABORAL 0aLEY DE EMPLEO 0aARGENTINA aLEY 24.013 aRainolter, Milton A. aArgentina. Leyes, decretos, etc. Ley nº 24.013